7 Perso - 1 Pts Commun - Harry Potter #34 - Statistiques

Statistiques générales
  • Ce quiz a été pris 55 fois
  • Le résultat moyen est 5 sur 7
Statistiques - réponses
Personnages % Correct
James Potter
92%
Remus Lupin
92%
Fred Weasley
83%
George Weasley
81%
Peter Pettigrow
79%
Possesseurs de la Carte du Maraudeur
71%
Barty Croupton Jr
33%
Aucun quiz correspondant
Distribution des résultats
% des personnes avec chaque résultat
Percentile par nombre de réponses
Votre historique - résultats
Vous n’avez pas pris ce quiz